| 000 | 00617nam a2200265Ia 4500 | ||
|---|---|---|---|
| 005 | 20250425162210.0 | ||
| 008 | 250425s9999 xx 000 0 und d | ||
| 020 | _a0130933732 | ||
| 041 | _aeng | ||
| 082 | _a658.5 | ||
| 100 | _aALLEN, KATHLEEN R | ||
| 245 | 0 | _aBRINGING NEW TECHNOLOGY MARKET | |
| 250 | _aS.E. | ||
| 260 |
_aEstados Unidos _bPRENTICE HALL _c2002 |
||
| 260 | _aS.L. | ||
| 300 | _a367 | ||
| 650 | _aCOMERCIALIZACION | ||
| 650 | _aINDUSTRIAS | ||
| 650 | _aINNOVACIONES | ||
| 650 | _aMARKETING | ||
| 650 | _aTECNOLOGIA | ||
| 710 | _aPRENTICE HALL | ||
| 942 | _c01 | ||
| 010 | _a55635 | ||
| 999 |
_c224372 _d224372 |
||